Responses for Show #4178 - Wednesday, October 30, 2002

Contestants

[<< previous game]

Steve Campbell, a university administrator from San Francisco, California

Erin Drew, a home educator from Salisbury, Maryland

Phillip Steele, a security officer from Los Angeles, California (whose 3-day cash winnings total $26,598)

[next game >>]

Jeopardy! Round responses

RELIGION
STAR WARS STARS
CONTESTS
ALICE IN WONDERLAND
ON THEIR TOMBSTONES
STUPID PROVERBS
    $200 10
Good Friday

Erin
    $200 1
Harrison Ford

Phillip
    $200 24
barbeque

Erin
    $200 4
playing cards

Phillip
    $200 17
(Erin: Who is John Paul Jones?)
(Steve: Who is Patrick Henry?)

Nathan Hale

ErinSteve
Triple Stumper
    $200 6
fire

Steve
    $400 11
Hinduism

Erin
    $400 2
(Erin: Who is Schindler; I don't know, that's wrong!)

Liam Neeson

Erin
Triple Stumper
    $400 25
(Erin: What is bird whistling or bird calls?)
...
(Alex: Less than a minute to go.)

bird watching

Erin
Triple Stumper
    $400 5
"Drink Me"

Steve
    $400 18
W.C. Fields

Phillip
    $400 7
(Erin: What is a place?)

everything

ErinSteve
    $600 12
(Phillip: What is Rastafari?)
(Alex: We'll accept that.)

Rastafarianism

Phillip
    $600 3
Natalie Portman

Erin
    $600 26
robots

Phillip
    $600 16
the Mad Hatter

Steve
    $600 19
Judge Roy Bean

Triple Stumper
    $600 8
(Steve: What is success?)

succeeds

PhillipSteve
    $1,600 13
Shintoism

Phillip
    $800 27
Christopher Lee

Steve
    $800 29
Stevens Point

Triple Stumper
    $800 21
(Charles Lutwidge) Dodgson

Erin
    $800 20
Malcolm X

Erin
    $800 9
due

Erin
    $1000 14
(Steve: Who are the Coptics?)

Copts

Steve
    $1000 28
Billy Dee Williams

Erin
    $1000 30
Eurovision

Phillip
    $1000 23
hedgehogs

Erin
    $1000 22
(Steve: Who is Henry?)

Captain William Bligh

Steve
Triple Stumper
    $1000 15
blind

Phillip

Scores at the first commercial break (after clue 14):

Phillip Erin Steve
$3,200 $1,200 $1,400

Scores at the end of the Jeopardy! Round:

Phillip Erin Steve
$6,200 $4,400 $1,600

Double Jeopardy! Round responses

ARCHAEOLOGY
GUITARIST'S LINGO
THEATRE
I LOVE "U"
CAN I HAVE A DATE?
(Alex: Give the year of each event we will give you in the clue.)
LET'S GO DUTCH
(Alex: That's a good way to go!)
    $400 17
Dead Sea Scrolls

Erin
    $400 5
12

Phillip
    $400 9
Fiddler on the Roof

Triple Stumper
    $400 1
udder

Steve
    $400 23
(Steve: What is 1996?)
(Phillip: What is 1992?)

1993

PhillipSteve
Triple Stumper
    $400 12
Amsterdam

Steve
    $800 18
New Mexico

Phillip
    $800 6
flamenco

Phillip
    $800 10
(Erin: Who is Notorious B.I.G.?)

Tupac Shakur

PhillipErin
    $800 2
uncertainty

Triple Stumper
    $800 24
1914

Erin
    $800 13
(Erin: Who is Caesar Augustus?)

Julius Caesar

Erin
Triple Stumper
    $1200 19
necropolis

Steve
    $1200 7
wah-wah pedal

Phillip
    $1200 11
The Glass Menagerie

Erin
    $1200 3
undercover

Steve
    $1200 25
(Alex: Less than a minute now.)

1066

Erin
    $1200 14
Anne Frank

Steve
    $4,000 22
(Erin: What is iron?)

stone

Erin
    $1600 8
feedback

Erin
    $1600 16
(Phillip: What is 3 Girls 3?)
(Erin: What is A Chorus Line?)

Follies

PhillipErin
Triple Stumper
    $1600 4
Uzbekistan

Erin
    $1600 26
1959

Triple Stumper
    $1600 15
guilder

Erin
    $2000 28
(Phillip: What are the Nasca Lines?)

Machu Picchu

Phillip
Triple Stumper
    $2000 29
pegs

Erin
    $3,000 30
Mourning Becomes Electra

Erin
    $2000 20
unexamined

Steve
    $2000 27
1976 (in Montreal)

Steve
    $2000 21
House of Orange

Erin

Scores at the end of the Double Jeopardy! Round:

Phillip Erin Steve
$6,200 $12,600 $9,600

[wagering suggestions for these scores]

Final Jeopardy! Round responses

CABLE TELEVISION
PhillipWhat is ESPN
$6,100
SteveWhat is USA Network
$9,000
ErinWhat is Showtime (Don't watch cable TV!)
$6,601
ESPN/ESPN2

Final scores:

Phillip Erin Steve
$12,300 $5,999 $600
4-day champion: $38,898 2nd place: $2,000 3rd place: $1,000

Game dynamics:

Coryat scores:

Phillip Erin Steve
$5,400 $15,600 $9,600
14 R
(including 1 DD),
3 W
19 R
(including 1 DD),
8 W
(including 1 DD)
13 R,
4 W

Combined Coryat: $30,600

[game clues] [game scores] [suggest correction]

Game tape date: 2002-07-30
The J! Archive is created by fans, for fans. Scraping, republication, monetization, and malicious use prohibited; this site may use cookies and collect identifying information. See terms. The Jeopardy! game show and all elements thereof, including but not limited to copyright and trademark thereto, are the property of Jeopardy Productions, Inc. and are protected under law. This website is not affiliated with, sponsored by, or operated by Jeopardy Productions, Inc. Join the discussion at JBoard.tv.